000 00640nam a2200277Ia 4500
005 20260324150810.0
008 008 260324s9999 xx 000 0 eng d
020 _a9780429423123
037 _aEBOOK
040 _aCRL
040 _beng
040 _cCRL
041 _2eng
041 _aeng
084 _qCRL
100 _aH. W . Dickinson
_91227644
245 2 _aA Short History of the Steam Engine
260 _bTaylor and Francis
260 _c1938
365 _a
365 _b160
856 _uhttp://www.taylorfrancis.com/books/9780429423123
942 _cEBOOK
999 _c1837754
_d1837754